000 00755nam a22002057a 4500
999 _c177878
_d177878
005 20210309144729.0
010 _aENG-129175
020 _a978-81-237-9193-7
_c155.00
035 _aEN-112707
037 _bDBAD/PUB
082 _a616.24140954
100 _aUppal, Tarun
245 _aNew Frontiers at Home: an approach to Women, Mothers and Parents/
_cTarun Uppal and Sonie Sidhu
260 _aNew Delhi
_bNational Book Trust
_c2020
270 _bNew Delhi
_e110070
_aNehru Bhawan, 5 Institutional Area, Phase-II, Vasant Kunj
300 _axxiv+102p.
_c21cm(pbk)
_bIncluding illustrations and bibliographical references.
500 _aillustration: Arya Praharaj
700 _aSidhu, Sonie
942 _2ddc
_cEN
_h616.24140954
_mUPP